000 00273nam a22000977a 4500
999 _c11371
_d11371
008 190402b ||||| |||| 00| 0 eng d
020 _a9788177000252
100 _aArora Sumit
_97109
245 _aComputer Science with C++ Class-XI
260 _aNew Delhi
_bDhanpat Rai & Co
_c2013